00265nam a2200097Ia 4500008004100000100001900041245003900060260004200099260000900141999001700150170620s9999 xx 000 0 und d aEdiger- Marlow 0aReading Curriculum and Instruction bNew Delhi- Discovery Publishing House c2006 c24200d24200